| 000 | 00730 a2200133 4500 | ||
|---|---|---|---|
| 003 | Nust | ||
| 005 | 20170207164334.0 | ||
| 040 | _cNust | ||
| 245 |
_aA Course in Robust Control Theory a convex approach (E BOOK) _cGeir E. Dullerud and Fernando G. Paganini |
||
| 300 | _a396p | ||
| 505 | _aIntroduction 11 Preliminaries in Finite Dimensional Space 182 State Space System Theory 573 Linear Analysis 974 Model realizations and reduction 131. . . . 6 H2 Optimal Control 188Synthesis 2088 Uncertain Systems 2279 Feedback Control of Uncertain Systems 27010 Further Topics: Analysis 29811 Further Topics: Synthesis 323A Some Basic Measure Theory 352 Stabilizing Controllers 167 | ||
| 538 | _aE Book | ||
| 650 | _aA Course in Robust Control Theory | ||
| 942 |
_2ddc _cBK |
||
| 999 |
_c208667 _d208667 |
||